Epopeya de la libertad, 1820-1824 (Registro nro. 20566)

Detalles MARC
000 -LEADER
campo de control de longitud fija 01451aam a2200409 i 4500
001 - NÚMERO DE CONTROL
campo de control MOR01000020580
005 - FECHA Y HORA DE LA ÚLTIMA TRANSACCIÓN
campo de control 20260331111233.0
007 - CAMPO FIJO DE DESCRIPCIÓN FÍSICA--INFORMACIÓN GENERAL
campo de control de longitud fija ta
008 - DATOS DE LONGITUD FIJA--INFORMACIÓN GENERAL
campo de control de longitud fija 880922m19219999pe ceo g bi 000 0 spa d
035 ## - NÚMERO DE CONTROL DEL SISTEMA
Número de control de sistema 887119
040 ## - FUENTE DE CATALOGACIÓN
Centro catalogador/agencia de origen mxcmmo
Lengua de catalogación spa
Normas de descripción rda
Centro/agencia transcriptor mxcmmo
041 0# - CÓDIGO DE IDIOMA
Código de lengua del texto/banda sonora o título independiente spa
043 ## - CÓDIGO DE ÁREA GEOGRÁFICA
Código de área geográfica s-pe---
045 ## - PERIODO DE TIEMPO DEL CONTENIDO
Código de periodo de tiempo w2w2
082 04 - NÚMERO DE LA CLASIFICACIÓN DECIMAL DEWEY
Número de clasificación 985.04
Número de ítem BON.e
100 1# - ENTRADA PRINCIPAL--NOMBRE DE PERSONA
Nombre de persona Bonilla, Manuel C.
Término indicativo de función/relación autor
9 (RLIN) 39747
245 10 - MENCIÓN DEL TÍTULO
Título Epopeya de la libertad, 1820-1824
Resto del título : reminiscencias históricas de la independencia del Perú/
Mención de responsabilidad, etc. Manuel C. Bonilla ; proemio Celso N. Zuleta ; pról. M. Melitón Carbajal
264 #1 - PRODUCCIÓN, PUBLICACIÓN, DISTRIBUCIÓN, FABRICACIÓN Y COPYRIGHT
Producción, publicación, distribución, fabricación y copyright Lima, Perú :
Nombre del de productor, editor, distribuidor, fabricante Imprenta Americana,
Fecha de producción, publicación, distribución, fabricación o copyright 1921-
300 ## - DESCRIPCIÓN FÍSICA
Extensión volumen:
Otras características físicas retratos, planos, fotos;
Dimensiones 22 cm
336 ## - TIPO DE CONTENIDO
Término de tipo de contenido texto
Código de tipo de contenido txt
Fuente rdacontent
337 ## - TIPO DE MEDIO
Nombre/término del tipo de medio sin medio
Código del tipo de medio n
Fuente rdamedia
338 ## - TIPO DE SOPORTE
Nombre/término del tipo de soporte volumen
Código del tipo de soporte nc
Fuente rdacarrier
490 #0 - MENCIÓN DE SERIE
Mención de serie Biblioteca patria
505 1# - NOTA DE CONTENIDO CON FORMATO
Nota de contenido con formato Contenido: volumen 1. Septiembre a diciembre de 1820
651 #7 - PUNTO DE ACCESO ADICIONAL DE MATERIA--NOMBRE GEOGRÁFICO
Nombre geográfico Perú
Subdivisión general Historia
Subdivisión cronológica Guerra de independencia, 1820-1829
9 (RLIN) 1145
700 1# - ENTRADA AGREGADA--NOMBRE PERSONAL
Nombre de persona Carbajal, M. Meliton
Término indicativo de función/relación prologuista
9 (RLIN) 39748
700 1# - ENTRADA AGREGADA--NOMBRE PERSONAL
Nombre de persona Zuleta, Celso N.
Término indicativo de función/relación prologuista
9 (RLIN) 39749
900 ## - ELEMENTOS DE DATOS A LOCAL, LDA (RLIN)
Nombre de persona ALEPH14
Numeración 10
Títulos y otros términos asociados al nombre 20061103
Lenguaje de la obra MOR01
-- 1042
900 ## - ELEMENTOS DE DATOS A LOCAL, LDA (RLIN)
Nombre de persona BATCH-UPD
Numeración 00
Títulos y otros términos asociados al nombre 20120323
Lenguaje de la obra MOR01
-- 1732
900 ## - ELEMENTOS DE DATOS A LOCAL, LDA (RLIN)
Nombre de persona BATCH-UPD
Numeración 10
Títulos y otros términos asociados al nombre 20120321
Lenguaje de la obra MOR01
-- 1649
900 ## - ELEMENTOS DE DATOS A LOCAL, LDA (RLIN)
Nombre de persona BATCH
Numeración 00
Títulos y otros términos asociados al nombre 20120322
Lenguaje de la obra MOR01
-- 1712
900 ## - ELEMENTOS DE DATOS A LOCAL, LDA (RLIN)
Nombre de persona DYNIX
Numeración 00
Títulos y otros términos asociados al nombre 20030304
Lenguaje de la obra MOR01
-- 1717
900 ## - ELEMENTOS DE DATOS A LOCAL, LDA (RLIN)
Nombre de persona MARC21
Numeración 40
Títulos y otros términos asociados al nombre 20140813
Lenguaje de la obra MOR01
-- 1331
904 ## - ELEMENTOS DE DATOS D LOCAL, LDD (RLIN)
a UPDATE
942 ## - ELEMENTOS DE ENTRADA SECUNDARIOS (KOHA)
Código de la institución [OBSOLETO] BK
901 ## - ELEMENTOS DE DATOS A LOCAL LDA (RLIN)
a batch batch
Existencias
Estatus retirado Estado de pérdida Fuente del sistema de clasificación o colocación Estado de daño Restricciones de uso No para préstamo Colección Biblioteca de origen Biblioteca actual Ubicación en estantería Fecha de adquisición Enumeración/cronología de publicación seriada Número de inventario Total de préstamos Signatura topográfica completa Código de barras Visto por última vez Precio de reemplazo Tipo de ítem Koha
    Clasificación Decimal Dewey   En sala   Libros (General) Biblioteca Instituto Mora Biblioteca Instituto Mora Regular 21/06/1994 v. 1 017412   (G)/985.04 BON.e 33291000298337 03/09/2024 03/09/2024 Libro